| 000 | 01484cam a22003614a 4500 | ||
|---|---|---|---|
| 001 | 13720378 | ||
| 005 | 20170105102406.0 | ||
| 007 | vd cvaiz| | ||
| 008 | 040915s2004 nyua b 001 0 eng | ||
| 010 | _a 2004056371 | ||
| 020 | _a9780684846651 | ||
| 020 | _a0684846659 | ||
| 040 |
_aDLC _cDLC _dDLC |
||
| 042 | _apcc | ||
| 050 | 0 | 0 |
_aBF637.S4 _bC685 2004 |
| 082 | 0 | 0 |
_a158 _222 |
| 100 | 1 | _aCovey, Stephen R. | |
| 245 | 1 | 4 |
_aThe 8th habit : from effectiveness to greatness _bfrom effectiveness to greatness _cStephen R. Covey. |
| 246 | 3 | _aEighth habit | |
| 246 | 1 |
_iTitle on DVD: _a16 inspirational companion films |
|
| 260 |
_aNew York : _bFree Press, _cc2004. |
||
| 300 |
_axvi, 409 p.: _bill. ; _c25 cm. + _e1 videodisc (DVD : sd., col. : 4 3/4 in.) |
||
| 504 | _aIncludes bibliographical references and index. | ||
| 650 | 0 | _aSelf-actualization (Psychology) | |
| 650 | 0 | _aSuccess. | |
| 650 | 0 | _aSatisfaction. | |
| 650 | 0 | _aVocation. | |
| 856 | 4 | 2 |
_3Publisher description _uhttp://www.loc.gov/catdir/description/simon051/2004056371.html |
| 856 | 4 | 2 |
_3Contributor biographical information _uhttp://www.loc.gov/catdir/enhancements/fy0645/2004056371-b.html |
| 906 |
_a7 _bcbc _corignew _d1 _eocip _f20 _gy-gencatlg |
||
| 942 |
_2ddc _cBK |
||
| 999 |
_c12689 _d12689 |
||